000 00326nam a22001457a 4500
008 210526b ||||| |||| 00| 0 eng d
020 _a9780323047135
041 _aeng
080 _27th
_a616-053.2
082 _a616-053.2
100 _a8
101 _aPED
245 _aPediatric Nursing
_cDavid Wilson
942 _2udc
_cBK
999 _c57665
_d57665